| 000 | 00477nam a22001817a 4500 | ||
|---|---|---|---|
| 003 | MPLRDC | ||
| 005 | 20220104113819.0 | ||
| 008 | 210129b ||||| |||| 00| 0 eng d | ||
| 020 | _a957-773-205-4 | ||
| 082 | _a889 CSJB v.22 | ||
| 100 | _aDIANA HAMILTON | ||
| 245 |
_a真假性骚扰 _c蔡浩淇译 |
||
| 260 |
_a _b禾林图书股份有限公司 _c1994 |
||
| 300 | _b平 | ||
| 490 | _a畅销金榜. 22 | ||
| 650 | _a西洋小说之中文翻译 | ||
| 942 |
_cBK _o889 CSJB v.22 |
||
| 999 |
_c2555 _d2545 |
||